I film liberano la testa /

I tiakina i:
Ngā taipitopito rārangi puna kōrero
Kaituhi matua: Fassbinder, Rainer Werner (Author)
Hōputu: Pukapuka
Reo:Itāriana
I whakaputaina: Milano : Ubulibri, 1992
Putanga:3. ed
Rangatū:La collanina ; 5
Ngā marau:
Ngā Tūtohu: Tāpirihia he Tūtohu
Kāore He Tūtohu, Me noho koe te mea tuatahi ki te tūtohu i tēnei pūkete!

MARC

LEADER 00000nam a22000007i 4500
001 IT\ICCU\PAL\0124498
003 ItRI
005 20260115231929.0
008 960821s1992 it |||||| ||||| |||||c
020 |a 8877480815 
040 |b ita  |c importazione bologna sebina 
041 7 |a ita  |2 ISO-639-2 
100 1 |a Fassbinder, Rainer Werner  |0 IT\ICCU\RAVV\057361  |4 aut 
240 1 0 |a Filme Befreien Den Kopf. -  |3 IT\ICCU\RAV\0139748  |9 Fassbinder, Rainer Werner 
245 1 2 |a I film liberano la testa /  |c Rainer Werner Fassbinder ; a cura di Giovanni Spagnoletti. 
250 |a 3. ed 
260 |a Milano :  |b Ubulibri,  |c 1992 
300 |a 119 p. :  |b 20 cm. 
650 7 |a Fassbinder, Rainer Werner 
790 1 |a Fassbinder, R. W.  |3 IT\ICCU\SBNV\033759  |z Fassbinder, Rainer Werner 
790 1 |a Fassbinder, Rainer  |3 IT\ICCU\SBNV\033760  |z Fassbinder, Rainer Werner 
790 1 |a Fassbinder, Werner  |3 IT\ICCU\SBNV\033758  |z Fassbinder, Rainer Werner 
830 3 |a La collanina ;  |v 5  |0 IT\ICCU\RAV\0084400 
942 |2 ddc  |c BK  |n 0 
952 |0 0  |1 0  |4 0  |6 DOC_791_430000000000000_FAS  |7 0  |9 16910  |a BO  |b BO  |d 2026-01-15  |i 2863  |l 0  |o DOC 791.430 FAS  |p BO2863  |r 2026-01-15 23:19:29  |w 2026-01-15  |x [Sebina 5] [1 v.]  |y BK  |z 1 v. 
999 |c 14446  |d 14446